000 00622nam a2200229Ia 4500
003 0100
005 20161214091051.0
008 130303s9999 xx 000 0 und d
020 _a0385037619
040 _cARRUPELIB
050 _aREF. BS192.2.A1 1964.G3 1970
100 _aBrown, Raymond E
_928038
245 4 _aThe Gospel according to John XIII-XXI
250 _a1st ed.
260 _aNew York
260 _bDoubleday & Co.
300 _axvi
300 _b 1208p. 24cm.
440 _aThe Anchor Bible series ; v. 29a
_928041
650 _aBible N.T. John
_xCommentaries
_928040
942 _2lcc
_cMONOGRAPH
999 _c33646
_d33646